Missing Middles A-Z: Book Titles Quiz Stats

 Plays Quiz Updated Nov 11, 2017

Challenge
Share
Tweet
Embed
Score 0/26 Timer 04:00
1 Play Today
Hint Answers (A-Z) % Correct
(E) Nineteen ___-FourEighty
96.3%
(T) The ___ MachineTime
93.4%
(J) Bridget ___ DiaryJones's
93.3%
(O) Song ___ SolomonOf
92.4%
(F) Flowers ___ AlgernonFor
91.6%
(Y) If ___ DareYou
89.8%
(D) Billion ___ BrainDollar
88.7%
(X) The ___ FactorX
86.7%
(I) Fox ___ SocksIn
86.2%
(A) Honour ___ ThievesAmong
83.6%
(P) Eat ___ LovePray
82.5%
(B) Little ___ ManBig
74.5%
(U) My ___ OswaldUncle
73.7%
Hint Answers (A-Z) % Correct
(Q) The ___ AmericanQuiet
73.2%
(S) King ___ MinesSolomon's
72.3%
(H) Of ___ BondageHuman
66.5%
(K) Nadia ___ BestKnows
63.6%
(L) Jonathan ___ SeagullLivingston
62%
(M) Our ___ FriendMutual
56.5%
(C) Captain ___ MandolinCorelli's
55.8%
(R) The ___ TentRed
52.2%
(Z) The ___ StoryZoo
38.2%
(W) Lady ___ FanWindermere's
26.2%
(V) Long ___ BackVoyage
22.8%
(G) Giles ___-BoyGoat
12.5%
(N) The ___ AlwaysNext
9.5%

You're not logged in!

Compare scores with friends on all Sporcle quizzes.
Join for Free
OR
Log In

You Might Also Like...

Show Comments

Extras

Top Quizzes Today


Score Distribution

Your Account Isn't Verified!

In order to create a playlist on Sporcle, you need to verify the email address you used during registration. Go to your Sporcle Settings to finish the process.

Report this User

Report this user for behavior that violates our Community Guidelines.

Details: